00412 2200157 4500001002100000008004100021035002000062245004300082100001900125260003200144300002200176020002200198084001400220082000800234990001200242INLIS000000000002853 IND  a0010-0925000200 aJadikanlah Aku PacarmucEric Keroncong aEric Keroncong aJakartabRumah Oranyec2015 a276c(13 x 19 cm) a978-602-1588-56-7 a813 ERI c a813 a0755075